[Event "Belgrade-chT"]
[Site "Belgrade"]
[Date "2016.10.17"]
[Round "9.7"]
[White "Kosanovic, Dragan"]
[Black "Rajkovic, Mladen"]
[Result "1/2-1/2"]
[WhiteElo "2335"]
[BlackElo "2275"]
[PlyCount "52"]
[EventDate "2016.10.08"]
[EventType "team-tourn"]
[EventRounds "13"]
[EventCountry "SRB"]
[SourceTitle "CBM 175 Extra"]
[Source "ChessBase"]
[SourceDate "2016.12.12"]
[SourceVersion "1"]
[SourceVersionDate "2016.12.12"]
[SourceQuality "1"]
[WhiteTeam "Politika"]
[BlackTeam "Delfin"]
[WhiteTeamCountry "SRB"]
[BlackTeamCountry "SRB"]

1. d4 Nf6 2. c4 g6 3. Nc3 d5 4. Nf3 Bg7 5. g3 0-0 6. Bg2 dxc4 7. Qa4 c5 8. dxc5 Nd5 9. Bd2 Nxc3 10. Bxc3 Bxc3+ 11. bxc3 Qd5 12. Qa3 Na6 13. c6 Qxc6 14. Qxe7 Bh3 15. Bxh3 Rfe8 16. Qd7 Qxf3 17. 0-0 Qxc3 18. Qxb7 Nc5 19. Qc7 Qa3 20. Rac1 c3 21. Rc2 Ne4 22. Rfc1 f5 23. Qc4+ Kg7 24. Bg2 Rac8 25. Qb3 Qxb3 26. axb3 Nd2 1/2-1/2

[Event "Belgrade Cup 16th"]
[Site "Belgrade"]
[Date "2016.05.11"]
[Round "3.1"]
[White "Kosanovic, Dragan"]
[Black "Andrijevic, Milan"]
[Result "1-0"]
[WhiteElo "2352"]
[BlackElo "2271"]
[PlyCount "93"]
[EventDate "2016.05.09"]
[EventType "team-swiss"]
[EventRounds "5"]
[EventCountry "SRB"]
[SourceTitle "CBM 172 Extra"]
[Source "ChessBase"]
[SourceDate "2016.06.21"]
[SourceVersion "1"]
[SourceVersionDate "2016.06.21"]
[SourceQuality "1"]
[WhiteTeam "Politika"]
[BlackTeam "Romanticari"]
[WhiteTeamCountry "SRB"]
[BlackTeamCountry "SRB"]

1. d4 d5 2. Nf3 Nf6 3. c4 e6 4. Nc3 c5 5. cxd5 Nxd5 6. e3 Nc6 7. Bd3 cxd4 8. exd4 Be7 9. 0-0 0-0 10. Re1 Nf6 11. a3 b6 12. Bg5 Bb7 13. Bc2 Rc8 14. Qd3 g6 15. Rad1 Nd5 16. Bh6 Re8 17. Nxd5 exd5 18. Ba4 a6 19. Ne5 b5 20. Nxc6 Bxc6 21. Bb3 Bf6 22. Bf4 Rxe1+ 23. Rxe1 Qd7 24. Qd2 Bg7 25. Be5 Re8 26. Bxg7 Rxe1+ 27. Qxe1 Kxg7 28. Qe5+ f6 29. Qf4 Qd8 30. h4 Be8 31. g4 Bf7 32. g5 Qe7 33. Kh2 a5 34. Kg3 b4 35. axb4 axb4 36. Bd1 Bg8 37. Bg4 Bf7 38. gxf6+ Qxf6 39. Qe5 h6 40. f4 Bg8 41. Kf3 Bf7 42. Ke3 Bg8 43. Kd3 g5 44. hxg5 hxg5 45. fxg5 Qxe5 46. dxe5 Kg6 47. e6 1-0

[Event "Belgrade-chT Quality"]
[Site "Belgrade"]
[Date "2015.11.04"]
[Round "10"]
[White "Kosanovic, Dragan"]
[Black "Radovanovic, Mihajlo"]
[Result "1-0"]
[WhiteElo "2340"]
[BlackElo "2404"]
[PlyCount "59"]
[EventDate "2015.10.03"]
[EventType "team-tourn"]
[EventRounds "11"]
[EventCountry "SRB"]
[SourceTitle "EXT 2018"]
[Source "ChessBase"]
[SourceDate "2017.10.13"]
[SourceVersion "1"]
[SourceVersionDate "2017.10.13"]
[SourceQuality "1"]

1. Nf3 c5 2. c4 Nc6 3. Nc3 Nf6 4. e3 e5 5. a3 g6 6. d4 e4 7. Ng5 cxd4 8. exd4 Qe7 9. d5 Ne5 10. d6 Qxd6 11. Qxd6 Bxd6 12. Ngxe4 Nxe4 13. Nxe4 Be7 14. Bf4 f6 15. 0-0-0 Nf7 16. Nc3 g5 17. Bg3 f5 18. Nd5 Bd8 19. f4 h6 20. Re1+ Kf8 21. Bd3 d6 22. Rhf1 g4 23. Re2 h5 24. Rfe1 Bd7 25. Bf2 Rh6 26. Bd4 Rc8 27. Bc3 Kg8 28. Re8+ Bxe8 29. Rxe8+ Kh7 30. Bxf5+ 1-0

[Event "Belgrade-chT"]
[Site "Belgrade"]
[Date "2014.10.25"]
[Round "7"]
[White "Klasan, Vladimir"]
[Black "Kosanovic, Dragan"]
[Result "1/2-1/2"]
[WhiteElo "2364"]
[BlackElo "2322"]
[PlyCount "33"]
[EventDate "2014.10.04"]
[EventType "team-tourn"]
[EventRounds "13"]
[EventCountry "SRB"]
[SourceTitle "EXT 2015"]
[Source "ChessBase"]
[SourceDate "2014.11.20"]
[SourceVersion "1"]
[SourceVersionDate "2014.11.20"]
[SourceQuality "1"]

1. e4 c5 2. Nf3 a6 3. Nc3 Nc6 4. d4 cxd4 5. Nxd4 d6 6. g3 Nf6 7. Bg2 Bg4 8. f3 Bd7 9. Be3 h5 10. Qd2 Ne5 11. Bf1 Qc7 12. 0-0-0 Nc4 13. Bxc4 Qxc4 14. Kb1 b5 15. b3 Qc7 16. Nde2 e6 17. Qd4 1/2-1/2